| 000 | 01025nam a22003011 4500 | ||
|---|---|---|---|
| 001 | 29756 | ||
| 003 | BD-RjUL | ||
| 005 | 20211209051444.0 | ||
| 008 | 140407s1959 nyu b 001 0 eng | ||
| 035 | _a(BD-RjUL)29841 | ||
| 035 | _a(OCoLC)224251 | ||
| 040 |
_aDLC _cODaWU _dOCoLC _dNjSoVA _dOCoLC _dUk _dDLC _dBD-RjUL _beng |
||
| 041 | _aeng | ||
| 082 | 0 | 0 |
_a134 _bGIH 1959 |
| 100 | 1 |
_aGill, Merton M. _q(Merton Max), _d1914-1994. _990591 |
|
| 245 | 1 | 0 |
_aHypnosis and related states ; _bpsychoanalytic studies in regression / _cby Merton M. Gill and Margaret Brenman. |
| 260 |
_aNew York : _bInternational Universities Press, _cc1959. |
||
| 300 |
_a405 p. ; _c23 cm. |
||
| 490 | 0 |
_aAusten Riggs Center monograph ; _vno. 2 |
|
| 504 | _aIncludes bibliography and index. | ||
| 650 | 0 |
_aHypnotism. _990592 |
|
| 650 | 0 |
_aRegression (Psychology) _990593 |
|
| 650 | 0 |
_aHypnotism _xTherapeutic use. _94348 |
|
| 700 | 1 |
_aBrenman, Margaret, _ejoint author. _990594 |
|
| 942 |
_2ddc _cBK |
||
| 999 |
_c29756 _d29756 |
||